Trendy informačnej bezpečnosti v kontexte Slovenska

Výzvy pre informačnú bezpečnosť. Hlavné kľúčové trendy. Zmena investičných priorít. Motivácie pre projekty informačnej bezpečnosti. Pohľad na hodnotu rizík a opatrení. Zmeny v biznis modeloch.

Na minha lista:
Detalhes bibliográficos
Autor principal: Adamec, Pavol
Formato: Capítulo de Livro
Idioma:eslovaco
Assuntos:
Tags: Adicionar Tag
Sem tags, seja o primeiro a adicionar uma tag!

MARC

LEADER 00000naa$a2200000$$$4500
001 0114165
005 20230929121239.3
041 0 |a slo 
044 |a SK 
245 1 0 |a Trendy informačnej bezpečnosti v kontexte Slovenska  |c Pavol Adamec 
520 |a Výzvy pre informačnú bezpečnosť. Hlavné kľúčové trendy. Zmena investičných priorít. Motivácie pre projekty informačnej bezpečnosti. Pohľad na hodnotu rizík a opatrení. Zmeny v biznis modeloch. 
610 2 0 |a bezpečnosť informačná 
610 2 0 |a spoločnosť informačná 
610 2 0 |a technológie informačné 
610 2 0 |a technológie komunikačné 
610 2 0 |a ochrana dát 
610 2 0 |a ochrana informácií 
610 2 0 |a podnikanie 
100 1 |a Adamec, Pavol